[Event "2020 WA Reserves Championship"]
[Site "Leeming, Perth WA"]
[Date "2020.07.19"]
[Round "1"]
[White "Saroha, Chirag"]
[Black "Sheridan, Wallace"]
[Result "1-0"]
[WhiteElo "1934"]
[BlackElo "1588"]
[EventDate "2020.07.19"]

1.e4 d6 2.d4 Nf6 3.f3 e5 4.dxe5 dxe5 5.Qxd8+ Kxd8 6.Bc4 Ke8 7.Bg5 Be7 8.a3
a6 9.Nc3 b5 10.Bb3 c6 11.Nge2 Be6 12.Nc1 Nbd7 13.Nd3 h6 14.Bh4 Bxb3 15.
cxb3 c5 16.Bxf6 gxf6 17.Nd5 Rc8 18.Rc1 Rg8 19.O-O Bd8 20.f4 c4 21.bxc4 
Rxc4 22.Rxc4 bxc4 23.N3b4 Nc5 24.Rc1 Nxe4 25.Rxc4 Nd6 26.Rc6 Kd7 27.Rxa6 
Ke6 28.f5+ Kd7 29.Nd3 Nxf5 30.Nxf6+ Bxf6 31.Rxf6 Nd6 32.Nxe5+ Ke7 33.Rxh6 
1-0

[Event "2020 WA Reserves Championship"]
[Site "Leeming, Perth WA"]
[Date "2020.07.19"]
[Round "1"]
[White "Gao, Oscar"]
[Black "Basso, Luciano"]
[Result "1-0"]
[WhiteElo "1721"]
[BlackElo "1342"]
[EventDate "2020.07.19"]

1.e4 c5 2.Nf3 Nc6 3.d4 cxd4 4.Nxd4 d6 5.Nc3 Nf6 6.Be2 e6 7.O-O Be7 8.Be3 
O-O 9.f4 a6 10.a4 Qc7 11.Bf3 Bd7 12.Kh1 Rad8 13.Nb3 b6 14.Qe2 Bc8 15.Rad1 
Bb7 16.Qf2 Nd7 17.g4 Nc5 18.g5 Nb4 19.Qg2 Bc6 20.Nxc5 bxc5 21.h4 Qb7 22.f5
exf5 23.exf5 Bxf3 24.Rxf3 f6 25.Rdf1 d5 26.h5 d4 27.h6 dxe3 28.hxg7 Rf7 
29.g6 Rxg7 30.gxh7+ Kxh7 31.Rh3+ 1-0

[Event "2020 WA Reserves Championship"]
[Site "Leeming, Perth WA"]
[Date "2020.07.19"]
[Round "1"]
[White "Fu, Yihe (Rebo)"]
[Black "Octaviano, Joel"]
[Result "1-0"]
[WhiteElo "1896"]
[BlackElo "1520"]
[EventDate "2020.07.19"]

1.e4 e6 2.d4 d5 3.Nc3 Nf6 4.e5 Nfd7 5.f4 c5 6.Nf3 Nc6 7.Bb5 Qb6 8.Be3 cxd4
9.Nxd4 Nxd4 10.Bxd4 Bc5 11.Bxc5 Qxc5 12.Qd2 a6 13.Bd3 Qb6 14.O-O-O Nc5 15.
g4 Bd7 16.f5 O-O-O 17.Rhf1 Kb8 18.fxe6 Bxe6 19.Bf5 d4 20.Ne4 Bxf5 21.Nxc5 
Bxg4 22.Ne4 Bxd1 23.Qxd1 Rhf8 24.Qg4 Qb5 25.Qf4 Ka7 26.Nd6 Qe2 27.Qxd4+ 
Ka8 28.Rd1 Qf3 29.b3 g5 30.Kb2 h5 31.Rd3 Qg2 32.Rg3 Qxh2 33.Rxg5 f6 34.Qb4
Rd7 35.Rf5 Rfd8 36.Nc4 fxe5 37.Nb6+ Ka7 38.Nxd7 Rxd7 39.Qc5+ b6 40.Qc8 Rb7
41.Rf8 b5 42.Qc5+ Rb6 43.Rf7+ 1-0

[Event "2020 WA Reserves Championship"]
[Site "Leeming, Perth WA"]
[Date "2020.07.19"]
[Round "1"]
[White "Rasulov, Bekzod"]
[Black "Elkington, Derek"]
[Result "0-1"]
[WhiteElo "1562"]
[BlackElo "1929"]
[EventDate "2020.07.19"]

1.d4 Nf6 2.Bf4 g6 3.Nc3 d6 4.Qd2 h6 5.h3 Nbd7 6.Nf3 c5 7.e3 Bg7 8.Bc4 a6 
9.a4 b6 10.O-O Bb7 11.d5 Qc7 12.Rfe1 Ne5 13.Qe2 O-O 14.e4 Nh5 15.Bd2 Qd7 
16.Nxe5 dxe5 17.Qf1 Kh7 18.Ne2 b5 19.Ba2 f5 20.g4 Nf6 21.gxf5 gxf5 22.exf5
Nxd5 23.Nc3 Nxc3 24.Bxc3 Qc6 25.Kh2 Rxf5 26.Bd2 e4 27.f4 e5 28.c4 exf4 29.
Rxe4 Qxe4 30.Bb1 Qe6 31.Bxf5+ Qxf5 32.Bxf4 Be5 33.Bxe5 Qxe5+ 34.Kg1 Rg8+ 
0-1

[Event "2020 WA Reserves Championship"]
[Site "Leeming, Perth WA"]
[Date "2020.07.19"]
[Round "1"]
[White "McAteer, Ian"]
[Black "Howard, Mark"]
[Result "0-1"]
[WhiteElo "1773"]
[BlackElo "1405"]
[EventDate "2020.07.19"]

1.e4 e5 2.Nf3 Nc6 3.Bb5 a6 4.Ba4 d6 5.h3 h6 6.c3 b5 7.Bc2 Nf6 8.O-O Be7 9.
Re1 Be6 10.d4 exd4 11.cxd4 d5 12.e5 Nd7 13.a3 Nb6 14.Nc3 Qd7 15.Kh2 g5 16.
Ng1 O-O-O 17.Be3 g4 18.Bd3 f6 19.exf6 Bxf6 20.Be2 gxh3 21.g3 Nc4 22.Bxc4 
dxc4 23.Nge2 Bg4 24.Qd2 Bxe2 25.Qxe2 Nxd4 26.Bxd4 Qxd4 27.Rad1 Qb6 28.Qf3 
Bxc3 29.Qa8+ Qb8 30.Qxa6+ Qb7 31.Qxb7+ Kxb7 32.bxc3 Rxd1 33.Rxd1 Ra8 34.
Ra1 Kb6 35.Kxh3 c5 36.Kg4 b4 37.cxb4 cxb4 38.Rb1 b3 39.Kf3 Rxa3 40.Ke3 c3 
0-1

[Event "2020 WA Reserves Championship"]
[Site "Leeming, Perth WA"]
[Date "2020.07.19"]
[Round "1"]
[White "Andrew, Christopher-Jack"]
[Black "Tomic, Nedeljko"]
[Result "1-0"]
[WhiteElo "1381"]
[BlackElo "1748"]
[EventDate "2020.07.19"]

1.e4 d6 2.d4 Nf6 3.Nc3 c5 4.Nf3 cxd4 5.Nxd4 Nc6 6.f3 g6 7.Be3 Bg7 8.Qd2 
O-O 9.O-O-O Qa5 10.Kb1 Nxd4 11.Bxd4 Be6 12.Nd5 Qd8 13.g4 Re8 14.h4 Bxd5 
15.exd5 Nd7 16.Bxg7 Kxg7 17.h5 Rh8 18.Qd4+ f6 19.f4 Kf7 20.Re1 Rg8 21.Bd3 
Nf8 22.Rh2 g5 23.Rhe2 e5 24.dxe6+ Ke7 25.f5 h6 26.Re3 Qa5 27.a3 Nh7 28.Be4
Rab8 29.Qb4 Qxb4 30.axb4 Rgc8 31.Rc3 Nf8 32.Rxc8 Rxc8 33.Bd5 b6 34.Re3 Nh7
35.c3 Rc7 36.Kc2 Nf8 37.Re1 Kd8 38.Kb3 Re7 39.Ra1 Kc8 40.Rc1 Kd8 41.c4 Kc7
42.Ka4 a6 43.b5 a5 44.b4 axb4 45.Kxb4 Kd8 46.Ra1 Rh7 47.Ra8+ Ke7 48.Rb8 
Rh8 49.Rxb6 Rh7 50.Ra6 Rh8 51.b6 Nh7 52.Ra7+ 1-0

[Event "2020 WA Reserves Championship"]
[Site "Leeming, Perth WA"]
[Date "2020.07.19"]
[Round "1"]
[White "Milovanovic, Stevica"]
[Black "De Vas, Saminda"]
[Result "0-1"]
[WhiteElo "1439"]
[BlackElo "1828"]
[EventDate "2020.07.19"]

1.d4 d5 2.Bf4 e6 3.Nf3 c5 4.e3 Nc6 5.c3 Bd6 6.Bg3 Nf6 7.Ne5 Qc7 8.Bb5 O-O 
9.f4 Ne4 10.Nd2 f5 11.Bd3 Bxe5 12.fxe5 cxd4 13.exd4 Bd7 14.Qh5 Nxd2 15.
Kxd2 Be8 16.Qd1 a6 17.Bf4 Qe7 18.h4 Qf7 19.Be2 b5 20.a3 Rb8 21.g3 a5 22.h5
Qb7 23.Qb3 b4 24.axb4 axb4 25.cxb4 Nxd4 26.Qc3 Nxe2 27.Kxe2 Qxb4 28.Qxb4 
Rxb4 29.Ra2 Bb5+ 30.Kd2 Bc4 31.Ra6 0-1

[Event "2020 WA Reserves Championship"]
[Site "Leeming, Perth WA"]
[Date "2020.07.26"]
[Round "2"]
[White "De Vas, Yonal"]
[Black "Gao, Oscar"]
[Result "0-1"]
[WhiteElo "586"]
[BlackElo "1721"]
[EventDate "2020.07.19"]

1.d4 Nf6 2.c4 e6 3.e3 d5 4.Nc3 Bb4 5.Bd2 O-O 6.a3 Be7 7.Nf3 c5 8.cxd5 exd5
9.dxc5 Bxc5 10.b4 Bb6 11.Bd3 Nc6 12.O-O Bg4 13.Be2 Bf5 14.Rc1 d4 15.exd4 
Nxd4 16.Nxd4 Qxd4 17.Bg5 Rad8 18.Qxd4 Bxd4 19.Nb5 Bb2 20.Bxf6 gxf6 21.Rc5 
Bd3 22.Bxd3 Rxd3 23.Rf5 a6 24.Nc7 Bxa3 25.Rxf6 Rc8 26.Nxa6 bxa6 27.Rxa6 
Bxb4 28.g3 Rc2 29.Ra4 Bc5 30.Rg4+ Kf8 31.Rf4 Rd4 32.Rf3 Kg7 33.h3 Rdd2 34.
Rf4 Kg6 35.Rg4+ Kf6 36.Rf4+ Ke6 37.Re1+ Re2 38.Re4+ Rxe4 39.Rxe4+ Kd5 40.
Rf4 Ke6 41.Re4+ Kf6 42.Rf4+ Kg7 43.Rg4+ Kf8 44.Rf4 Bd6 45.Rh4 Bc5 46.Rxh7 
Bxf2+ 47.Kg2 Be1+ 48.Kf3 Rc3+ 49.Kf4 Bxg3+ 50.Kf5 Rc5+ 51.Kf6 Be5+ 52.Kf5 
Bg7+ 53.Ke4 Kg8 54.Rxg7+ Kxg7 0-1

[Event "2020 WA Reserves Championship"]
[Site "Leeming, Perth WA"]
[Date "2020.07.26"]
[Round "2"]
[White "Elkington, Derek"]
[Black "Gough, Dylan"]
[Result "1-0"]
[WhiteElo "1929"]
[BlackElo "1648"]
[EventDate "2020.07.19"]

1.e4 e6 2.d3 d5 3.Nd2 c5 4.Ngf3 g6 5.g3 Bg7 6.Bg2 Ne7 7.O-O Nbc6 8.Re1 O-O
9.e5 b5 10.Nf1 Qc7 11.Bf4 d4 12.Qd2 Ba6 13.Bh6 Bxh6 14.Qxh6 Nf5 15.Qh3 
Rae8 16.g4 Ng7 17.Qh6 f6 18.exf6 Rxf6 19.Ng5 Nh5 20.Bxc6 Re7 21.Ne4 Ref7 
22.Be8 Ng7 23.Bxf7+ Rxf7 24.Ng5 Nf5 25.gxf5 Rxf5 26.Rxe6 1-0

[Event "2020 WA Reserves Championship"]
[Site "Leeming, Perth WA"]
[Date "2020.07.26"]
[Round "2"]
[White "Howard, Mark"]
[Black "Fu, Yihe (Rebo)"]
[Result "0-1"]
[WhiteElo "1405"]
[BlackElo "1896"]
[EventDate "2020.07.19"]

1.e4 c5 2.Nf3 e6 3.c3 d5 4.Bb5+ Bd7 5.Bxd7+ Qxd7 6.e5 d4 7.cxd4 cxd4 8.d3 
Nc6 9.a3 Nge7 10.Nbd2 Ng6 11.Nc4 b5 12.Nd6+ Bxd6 13.exd6 Qxd6 14.b4 O-O 
15.O-O Nf4 16.Bxf4 Qxf4 17.Qc1 Qd6 18.Re1 e5 19.Qg5 f6 20.Qg3 a5 21.bxa5 
Rxa5 22.Nh4 Ne7 23.Qh3 Rxa3 24.Rxa3 Qxa3 25.Qe6+ Kh8 26.g3 Ng8 27.Rd1 Rb8 
28.Qh3 Nh6 29.Qd7 b4 30.Qc7 Qa8 31.Rb1 b3 32.Nf3 b2 0-1

[Event "2020 WA Reserves Championship"]
[Site "Leeming, Perth WA"]
[Date "2020.07.26"]
[Round "2"]
[White "Gunawan, Tjermin"]
[Black "Saroha, Chirag"]
[Result "0-1"]
[WhiteElo "1695"]
[BlackElo "1934"]
[EventDate "2020.07.19"]

1.d4 d5 2.c4 e6 3.Nc3 Nf6 4.Nf3 c6 5.e3 Bd6 6.Bd3 O-O 7.O-O c5 8.cxd5 exd5
9.dxc5 Bxc5 10.h3 Nc6 11.Ne2 a6 12.a3 Ne4 13.Bc2 Re8 14.b4 Ba7 15.Bb2 Bf5 
16.Bb3 Nxf2 17.Rxf2 Bxe3 18.Bd4 Nxd4 19.Nfxd4 Be4 20.Kf1 Bxf2 21.Kxf2 Qg5 
22.Nf3 Bxf3 23.gxf3 Qe3+ 24.Ke1 d4 25.Bc2 Qxf3 26.Rb1 Re3 27.Rb3 Rxb3 28.
Bxb3 Re8 29.Bc4 Qc3+ 0-1

[Event "2020 WA Reserves Championship"]
[Site "Leeming, Perth WA"]
[Date "2020.07.26"]
[Round "2"]
[White "Basso, Luciano"]
[Black "McAteer, Ian"]
[Result "0-1"]
[WhiteElo "1342"]
[BlackElo "1773"]
[EventDate "2020.07.19"]

1.d4 f5 2.Nc3 Nf6 3.e3 e6 4.a3 Be7 5.Bd3 d5 6.f4 O-O 7.Nf3 c5 8.dxc5 Bxc5 
9.h3 Nc6 10.b4 Bb6 11.Na4 Bd7 12.Nxb6 Qxb6 13.Qe2 Rac8 14.Bb2 Nxb4 15.Bxf6
Nxd3+ 16.cxd3 Qa5+ 17.Kf2 Rxf6 18.Nd4 Rff8 19.Rhb1 b6 20.Rb4 Rc3 21.Qd2 
Rxa3 22.Rxa3 Qxa3 23.Ke2 Rc8 24.Rb3 Qd6 25.Qa2 a5 26.Qb1 Rb8 27.Nb5 Qc6 
28.Nd4 Qb7 29.Qa2 a4 30.Rb4 b5 31.Kf2 Kf7 32.Nf3 Kg8 33.d4 Qc7 34.Ne5 Be8 
35.Nd3 Qc3 36.Ke2 Rc8 37.Qb2 Qc2+ 38.Qxc2 Rxc2+ 39.Kf3 a3 40.Rb3 a2 41.Ra3
Rc3 42.Rxa2 Rxd3 43.Ra8 Kf8 44.Rb8 Rc3 45.Rb6 Ke7 0-1

[Event "2020 WA Reserves Championship"]
[Site "Leeming, Perth WA"]
[Date "2020.07.26"]
[Round "2"]
[White "De Vas, Saminda"]
[Black "Andrew, Christopher-Jack"]
[Result "1-0"]
[WhiteElo "1828"]
[BlackElo "1381"]
[EventDate "2020.07.19"]

1.d4 Nf6 2.c4 g6 3.Nf3 Bg7 4.Nc3 d5 5.e3 O-O 6.Qc2 c5 7.cxd5 cxd4 8.exd4 
Nxd5 9.Nxd5 Qxd5 10.Bc4 Qd8 11.Be3 Nd7 12.O-O Nb6 13.Bb3 Bf5 14.Qe2 Nd5 
15.Rac1 Nxe3 16.fxe3 Be4 17.Nd2 Bd5 18.Qb5 Bxb3 19.Qxb3 Qb6 20.Qxb6 axb6 
21.a3 Rac8 22.Nb3 e6 23.Rxc8 Rxc8 24.Rc1 Rc6 25.Kf2 Kf8 26.Ke2 Ke7 27.Kd3 
h5 28.Rc3 Bf8 29.Nd2 Rxc3+ 30.Kxc3 Kd6 31.Nc4+ Kd5 32.Kd3 Kc6 33.Ne5+ Kb5 
34.Nxf7 Be7 35.Ne5 Bd6 36.Nxg6 Bxh2 37.Nf4 Bxf4 38.exf4 Kc6 39.Ke4 Kd6 40.
a4 h4 41.b3 Ke7 42.Ke5 Kf7 43.d5 exd5 44.Kxd5 Ke7 45.Ke5 Kf7 46.Kf5 Ke7 
47.Kg6 Kf8 48.Kf6 Kg8 49.Ke7 Kg7 50.f5 1-0

[Event "2020 WA Reserves Championship"]
[Site "Leeming, Perth WA"]
[Date "2020.07.26"]
[Round "2"]
[White "Sheridan, Wallace"]
[Black "Milovanovic, Stevica"]
[Result "1-0"]
[WhiteElo "1588"]
[BlackElo "1439"]
[EventDate "2020.07.19"]

1.d4 Nf6 2.Nf3 e6 3.Bg5 Be7 4.Nbd2 d5 5.e3 c5 6.c3 b6 7.Bd3 Bb7 8.Qb1 Nbd7
9.O-O h6 10.Bh4 O-O 11.b4 cxb4 12.cxb4 a6 13.a4 Rc8 14.b5 a5 15.Ra2 Ne8 
16.Bg3 Bd6 17.Rc1 Bxg3 18.hxg3 Rxc1+ 19.Qxc1 Nd6 20.Rc2 Qb8 21.Ne1 Nf6 22.
f3 Rc8 23.Kf2 Rxc2 24.Qxc2 Qc8 25.Ke2 Qxc2 26.Bxc2 Nh5 27.Kf2 Nf6 28.Nd3 
Nd7 29.g4 f6 30.Nf4 Kf7 31.Bg6+ Ke7 32.Bd3 Nf8 33.Ng6+ Nxg6 34.Bxg6 Nc4 
35.Nxc4 dxc4 36.Ke2 Kd6 37.Kd2 e5 38.Kc3 exd4+ 39.exd4 Bd5 40.Bb1 g5 41.
Ba2 Bf7 42.Bxc4 Bg6 43.Kd2 Bh7 44.Bb3 Bg6 45.Ke3 Be8 46.Bc2 Kd5 47.Bb3+ 
Kd6 48.g3 Bd7 49.Bd1 Be6 50.f4 Bd5 51.fxg5 fxg5 52.Kd2 Bc4 53.Kc3 Kd5 54.
Bf3+ 1-0

[Event "2020 WA Reserves Championship"]
[Site "Leeming, Perth WA"]
[Date "2020.07.26"]
[Round "2"]
[White "Tomic, Nedeljko"]
[Black "Hernandez Mendez, Iker"]
[Result "1-0"]
[WhiteElo "1748"]
[BlackElo "968"]
[EventDate "2020.07.19"]

1.Nf3 c5 2.e4 d6 3.b3 Nf6 4.Nc3 g6 5.a4 Bg7 6.Rb1 Nc6 7.Bb5 Bd7 8.O-O O-O 
9.d3 a6 10.Bxc6 Bxc6 11.Be3 Qc7 12.Bf4 Nh5 13.Bd2 e6 14.Qe1 b5 15.axb5 
axb5 16.Ne2 Ra2 17.Qc1 Rfa8 18.Bc3 Nf6 19.Ne1 d5 20.e5 Nd7 21.f4 d4 22.Bb2
Nb6 23.c4 dxc3 24.Nxc3 R2a6 25.Qe3 c4 26.bxc4 bxc4 27.d4 Nd5 28.Nxd5 exd5 
29.Nf3 Bd7 30.h3 Bf5 31.Rbc1 Qb7 32.Bc3 Ra2 33.Nd2 Rc2 34.Ra1 Rca2 35.g4 
Rxa1 36.Bxa1 Bd3 37.Rc1 Qd7 38.Bc3 Bf8 39.Nf3 h6 40.Qd2 Qb5 41.Ne1 Be4 42.
Ng2 Qb3 43.Ne3 Ra2 44.Qe1 Ba3 45.Ra1 Rxa1 46.Qxa1 Bb4 47.Nd1 Qa3 48.Qxa3 
Bxa3 49.Bd2 Kf8 50.Kf2 Ke7 51.Ke3 Ke6 52.h4 Kd7 53.Nc3 Bh1 54.Nd1 Kc6 55.
f5 gxf5 56.gxf5 Be4 57.Kf4 Be7 58.f6 Ba3 59.Kg4 Bf8 60.Ne3 Kb5 61.Nf5 
Bxf5+ 62.Kxf5 Ka4 63.e6 fxe6+ 64.Kxe6 Kb3 65.Kxd5 c3 66.Bf4 c2 67.Bc1 Ka2 
68.Ke6 Kb1 69.Bd2 c1=Q 70.Bxc1 Kxc1 71.d5 Kd2 72.d6 Bxd6 73.Kxd6 Ke3 74.f7
Kf4 75.f8=Q+ Kg4 76.Qxh6 1-0

[Event "2020 WA Reserves Championship"]
[Site "Leeming, Perth WA"]
[Date "2020.07.26"]
[Round "2"]
[White "Roebuck, Derek"]
[Black "Simonds, Marcus"]
[Result "0-1"]
[WhiteElo "1661"]
[BlackElo "1627"]
[EventDate "2020.07.19"]

1.e4 e6 2.Nf3 d5 3.e5 c5 4.b4 cxb4 5.d4 Bd7 6.Bd3 Qb6 7.O-O Bb5 8.a3 Bxd3 
9.Qxd3 Nc6 10.axb4 Bxb4 11.c3 Be7 12.Ba3 Rc8 13.Bxe7 Ngxe7 14.Na3 a6 15.
Rfb1 Qc7 16.c4 O-O 17.Ng5 Ng6 18.cxd5 exd5 19.h4 h6 20.Nf3 Qd7 21.g3 Rc7 
22.h5 Nge7 23.Kg2 Rfc8 24.Nc2 Nd8 25.Ne3 Rc3 26.Qd1 Nf5 27.Nxf5 Qxf5 28.
Rc1 Rxc1 29.Rxc1 Rxc1 30.Qxc1 Nc6 31.Qc5 Qd7 32.Ne1 Nd8 33.Qa5 Ne6 34.Qb4 
b5 35.Nc2 Qc7 36.Ne3 Qd7 37.Nc2 Nc7 38.Ne3 Ne6 39.Nc2 Ng5 40.Kf1 Qh3+ 41.
Ke2 Qg4+ 42.Kd2 Ne4+ 43.Kc1 Nxf2 44.Qd2 Qg5 45.Ne3 Ne4 46.Qe1 Qxg3 47.Qxg3
Nxg3 48.Nxd5 Ne2+ 49.Kd1 Nxd4 50.Nc7 a5 51.Kd2 b4 52.Kd3 Nc6 53.e6 fxe6 
54.Nxe6 Kf7 55.Nf4 Kf6 56.Nd5+ Kg5 57.Kc4 Na7 58.Kb3 Kxh5 59.Ka4 g5 60.
Kxa5 b3 61.Kb4 b2 62.Nc3 g4 63.Kb3 b1=Q+ 64.Nxb1 g3 65.Nc3 Kg4 66.Ne2 h5 
67.Kc4 h4 0-1

[Event "2020 WA Reserves Championship"]
[Site "Leeming, Perth WA"]
[Date "2020.08.02"]
[Round "3"]
[White "McAteer, Ian"]
[Black "De Vas, Yonal"]
[Result "1-0"]
[WhiteElo "1773"]
[BlackElo "586"]
[EventDate "2020.07.19"]

1.e4 e6 2.d4 d5 3.e5 c5 4.c3 Qb6 5.Nf3 Nc6 6.Bd3 Bd7 7.O-O cxd4 8.cxd4 
Nxd4 9.Nbd2 Nxf3+ 10.Nxf3 Bc5 11.b4 Bxb4 12.Rb1 Qa5 13.a3 Bxa3 14.Ra1 Ba4 
15.Rxa3 Bxd1 16.Rxa5 Bxf3 17.Bb5+ Kd8 18.gxf3 f6 19.f4 Ne7 20.Be3 a6 21.
Bb6+ Kc8 22.Rc1+ Kb8 23.Bd7 Ng6 24.exf6 Nxf4 25.Bc7+ Ka7 26.Bxf4 gxf6 27.
Bxe6 d4 28.Bf5 Kb6 29.Bc7+ Ka7 30.Rb1 Rhg8+ 31.Kf1 Rg5 32.Be4 Rag8 33.
Rxb7+ Ka8 34.Rxa6# 1-0

[Event "2020 WA Reserves Championship"]
[Site "Leeming, Perth WA"]
[Date "2020.08.02"]
[Round "3"]
[White "Simonds, Marcus"]
[Black "Gao, Oscar"]
[Result "1-0"]
[WhiteElo "1627"]
[BlackElo "1721"]
[EventDate "2020.07.19"]

1.d4 Nf6 2.Bf4 e6 3.e3 d5 4.Nf3 c5 5.c3 Nc6 6.Nbd2 Bd6 7.Bg3 O-O 8.Bd3 b6 
9.Ne5 Qc7 10.f4 Bb7 11.Bh4 Nd7 12.Qh5 g6 13.Qh6 Ne7 14.Nxd7 f6 15.Nxf6+ 
Rxf6 16.Bxf6 Nf5 17.Bxf5 exf5 18.O-O Ba6 19.Rfe1 Bf8 20.Qg5 c4 21.Be5 Qd7 
22.Qf6 Bg7 23.Qxg7+ Qxg7 24.Bxg7 Kxg7 25.Nf3 h5 26.Ne5 b5 27.a3 Bb7 28.a4 
Ba6 29.axb5 Bxb5 30.Ra5 a6 31.h3 Kf6 32.Kf2 Rb8 33.Re2 Rb7 34.Ra1 Rg7 35.
Nf3 Ke6 36.Rg1 Ba4 37.Ra1 Bb5 38.Ne1 Kd6 39.Nc2 Ra7 40.Ra5 Kc6 41.Re1 Kb6 
42.Rea1 Bc6 43.Nb4 Bb7 44.Nxd5+ Kc6 45.Ne7+ Kb6 46.Nxg6 Be4 47.Nh4 Bd3 48.
Nxf5 1-0

[Event "2020 WA Reserves Championship"]
[Site "Leeming, Perth WA"]
[Date "2020.08.02"]
[Round "3"]
[White "Andrew, Christopher-Jack"]
[Black "Gunawan, Tjermin"]
[Result "1/2-1/2"]
[WhiteElo "1381"]
[BlackElo "1695"]
[EventDate "2020.07.19"]

1.e4 c6 2.d4 d5 3.Nc3 dxe4 4.Nxe4 Bf5 5.Ng3 Bg6 6.Nf3 Nd7 7.h4 h6 8.h5 Bh7
9.Bd3 Bxd3 10.Qxd3 e6 11.Bf4 Qa5+ 12.Nd2 Ngf6 13.c4 Bb4 14.a3 O-O 15.O-O 
Bxd2 16.Qxd2 Qxd2 17.Bxd2 Rfe8 18.f3 a5 19.a4 Nb6 20.b3 Nc8 21.Kf2 Nd6 22.
Bc3 Red8 23.Rh1 b6 24.Ne2 c5 25.g4 Nh7 26.Rad1 Rac8 27.dxc5 Rxc5 28.Bd4 
Rc6 29.Bxb6 Rxb6 30.c5 Rxb3 31.Rxd6 Rxd6 32.cxd6 Rd3 33.Rc1 Ng5 34.Rc8+ 
Kh7 35.Rc3 Rxd6 36.Rc5 Rd5 37.Rxd5 exd5 38.Nd4 Ne6 39.Ke3 Nc5 40.Nc6 Nxa4 
41.Nxa5 Nb6 42.Nc6 Nd7 43.Ne7 Nf6 44.Kd4 g6 45.hxg6+ fxg6 46.Nxd5 Kg7 47.
Nf4 Kf7 48.Ke5 Nd7+ 49.Kd6 Nf8 50.Ke5 g5 51.Nd5 Ng6+ 52.Ke4 Ke6 53.Nc3 Ne5
54.Ne2 Kf6 55.Ng3 Ng6 56.Ne2 1/2-1/2

[Event "2020 WA Reserves Championship"]
[Site "Leeming, Perth WA"]
[Date "2020.08.02"]
[Round "3"]
[White "Saroha, Chirag"]
[Black "De Vas, Saminda"]
[Result "1-0"]
[WhiteElo "1934"]
[BlackElo "1828"]
[EventDate "2020.07.19"]

1.e4 e6 2.d4 d5 3.exd5 exd5 4.Bd3 Bd6 5.c3 Nf6 6.Ne2 O-O 7.f3 Re8 8.O-O c6
9.Bf4 Bxf4 10.Nxf4 Qd6 11.Qd2 Be6 12.Na3 a6 13.Rae1 c5 14.dxc5 Qxc5+ 15.
Kh1 Nc6 16.Nc2 Rad8 17.Nd4 Nxd4 18.cxd4 Qb6 19.Re2 Bd7 20.Rfe1 Rxe2 21.
Rxe2 Re8 22.Rxe8+ Bxe8 23.Qc3 Qd6 24.g3 Bc6 25.Qc5 Qxc5 26.dxc5 Nd7 27.b4 
Ne5 28.Be2 d4 29.Kg2 g5 30.Nd3 Nc4 31.Kf2 Ne3 32.Ke1 f6 33.Kd2 Nc4+ 34.Ke1
Kf7 35.f4 h6 36.fxg5 hxg5 37.h4 gxh4 38.gxh4 Ne5 39.h5 Kg7 40.Nf4 Kh6 41.
Kd2 Bd7 42.Nd5 f5 43.a3 Bc6 44.Nf4 Nf3+ 45.Bxf3 Bxf3 46.Kd3 Bxh5 47.Kxd4 
Be8 48.Ke5 Kg5 49.Ne2 Kg4 50.Nf4 Bc6 51.Ne6 Be4 52.a4 Bc2 53.b5 Bxa4 54.c6
bxc6 55.bxa6 c5 56.Kd6 Bd1 57.Nc7 Bf3 58.Nd5 f4 59.a7 Bxd5 60.Kxd5 f3 61.
a8=Q f2 62.Qa1 Kg3 63.Qf1 1-0

[Event "2020 WA Reserves Championship"]
[Site "Leeming, Perth WA"]
[Date "2020.08.02"]
[Round "3"]
[White "Basso, Luciano"]
[Black "Octaviano, Joel"]
[Result "0-1"]
[WhiteElo "1342"]
[BlackElo "1520"]
[EventDate "2020.07.19"]

1.d4 Nf6 2.c4 c5 3.d5 b5 4.e3 bxc4 5.Bxc4 d6 6.Nc3 g6 7.Nge2 Bg7 8.f3 O-O 
9.e4 Nbd7 10.b3 Ne5 11.Bb5 Rb8 12.Ba4 Qb6 13.Be3 Ba6 14.O-O Nd3 15.Rb1 Qa5
16.a3 Nh5 17.Qc2 f5 18.Rfd1 f4 19.Bd2 Qb6 20.Kf1 c4 21.Be1 Qc5 22.b4 Qc8 
23.Bc6 Qd8 24.b5 Bc8 25.Nc1 Ne5 26.N1e2 g5 27.Nd4 g4 28.Bh4 gxf3 29.gxf3 
Bh3+ 30.Kf2 Nf6 31.Nce2 Nfd7 32.Ng1 Nd3+ 33.Ke2 Bxd4 34.Nxh3 N7e5 {White 
lost on time.} 0-1

[Event "2020 WA Reserves Championship"]
[Site "Leeming, Perth WA"]
[Date "2020.08.02"]
[Round "3"]
[White "Rasulov, Bekzod"]
[Black "Tomic, Nedeljko"]
[Result "1-0"]
[WhiteElo "1562"]
[BlackElo "1748"]
[EventDate "2020.07.19"]

1.d4 Nf6 2.Bf4 d5 3.e3 Nbd7 4.Nf3 Nh5 5.Bg3 Nxg3 6.hxg3 e6 7.c3 a6 8.Nbd2 
c5 9.Bd3 c4 10.Bc2 f5 11.b3 b5 12.a4 Bb7 13.axb5 axb5 14.bxc4 bxc4 15.Ba4 
Bd6 16.Qb1 Bc8 17.g4 Rb8 18.Qc2 O-O 19.gxf5 exf5 20.Qd1 Qe7 21.Bc6 Nf6 22.
Ra5 Qc7 23.Qa4 Bb7 24.Bxb7 Rxb7 25.O-O Ne4 26.Nxe4 fxe4 27.Ne5 Bxe5 28.
dxe5 Qxe5 29.Qxc4 Rd7 30.Qc6 Rd6 31.Qc5 Qf6 32.Qd4 Qf5 33.c4 Rfd8 34.Rd1 
Rf8 35.Rd2 Rb8 36.Rxd5 Rxd5 37.Qxd5+ Qxd5 38.Rxd5 Re8 39.Kh2 Kf7 40.Kg3 
Re6 41.Kf4 g6 42.Rd7+ Kg8 43.c5 Rc6 44.Rd5 Rf6+ 45.Kxe4 Rxf2 46.c6 Rc2 47.
Rd6 Kf8 48.Kd5 Ke7 49.Rd7+ Ke8 50.Kd6 Rc4 51.Rxh7 Rc3 52.e4 Rd3+ 53.Ke6 
Kd8 54.Rd7+ 1-0

[Event "2020 WA Reserves Championship"]
[Site "Leeming, Perth WA"]
[Date "2020.08.02"]
[Round "3"]
[White "Fu, Yihe (Rebo)"]
[Black "Elkington, Derek"]
[Result "1/2-1/2"]
[WhiteElo "1896"]
[BlackElo "1929"]
[EventDate "2020.07.19"]

1.d4 Nf6 2.c4 g6 3.g3 Bg7 4.Bg2 d6 5.Nc3 Nbd7 6.e3 c5 7.Nge2 Rb8 8.b3 a6 
9.Bb2 O-O 10.O-O b5 11.cxb5 axb5 12.Qc2 Bb7 13.Rfd1 Qb6 14.Rac1 Bxg2 15.
Kxg2 Qb7+ 16.Kg1 Rfc8 17.Qd2 b4 18.Na4 Ne4 19.Qd3 Ng5 20.d5 Nf3+ 21.Kg2 
Nde5 22.Qb1 e6 23.e4 Bh6 24.Nf4 Qe7 25.Bxe5 Nxe5 26.Qb2 Qf6 27.Qd2 g5 28.
Nd3 Nf3 29.Qb2 Nd4 30.Ne1 g4 31.Rc4 exd5 32.Rcxd4 cxd4 33.Qxd4 Qxd4 34.
Rxd4 dxe4 35.Rxe4 f5 36.Rd4 Rc6 37.Nd3 Bd2 38.Rd5 Rc2 39.Rxd6 Rxa2 40.Rd7 
Rxa4 41.bxa4 b3 42.Rd5 b2 43.Nxb2 Rxb2 44.Rxf5 Ra2 45.h3 gxh3+ 46.Kxh3 
Rxa4 47.Rf3 Rd4 48.Rb3 Kg7 49.Rb6 h6 50.Ra6 Be1 51.Ra7+ Kg6 52.Ra6+ Kg5 
53.f4+ Kf5 1/2-1/2

[Event "2020 WA Reserves Championship"]
[Site "Leeming, Perth WA"]
[Date "2020.08.02"]
[Round "3"]
[White "Gough, Dylan"]
[Black "Howard, Mark"]
[Result "1-0"]
[WhiteElo "1648"]
[BlackElo "1405"]
[EventDate "2020.07.19"]

1.d4 d6 2.c4 g6 3.Nc3 Nf6 4.Nf3 Bg7 5.e4 O-O 6.h3 c5 7.Be3 Qa5 8.Qd2 Nbd7 
9.Bd3 a6 10.O-O Qc7 11.Rac1 b6 12.b3 Bb7 13.Nd5 Nxd5 14.exd5 cxd4 15.Bxd4 
Bxd4 16.Nxd4 Ne5 17.Bb1 Bc8 18.Rfe1 Bb7 19.f4 Nd7 20.Rxe7 Rae8 21.Rce1 
Rxe7 22.Rxe7 Qc8 23.Qe2 Nf6 24.f5 Re8 25.Rxe8+ Nxe8 26.fxg6 hxg6 27.Qe7 b5
28.Bd3 Kg7 29.Ne6+ Kg8 30.Qf8+ Kh7 31.Qxf7+ Kh8 32.Nf8 Ng7 33.Nxg6+ Kh7 
34.Ne7+ 1-0

[Event "2020 WA Reserves Championship"]
[Site "Leeming, Perth WA"]
[Date "2020.08.02"]
[Round "3"]
[White "Hernandez Mendez, Iker"]
[Black "Roebuck, Derek"]
[Result "0-1"]
[WhiteElo "968"]
[BlackElo "1661"]
[EventDate "2020.07.19"]

1.d4 d5 2.Nf3 Nf6 3.c4 c6 4.Nc3 dxc4 5.a4 Bf5 6.e3 e6 7.Bxc4 Bb4 8.Bd2 a5 
9.O-O O-O 10.Ne2 Bd6 11.Ng3 Bxg3 12.hxg3 Ne4 13.Qb3 Nd7 14.Rac1 Nb6 15.Be2
Nd5 16.Qxb7 Rb8 17.Qxc6 Rxb2 18.Rfd1 Qb8 19.Bb5 Nxd2 20.Nxd2 Nb4 21.Qc3 
Rc2 22.Rxc2 Bxc2 23.Rc1 Rc8 24.Qb2 Nd3 25.Qxc2 Rxc2 26.Rxc2 Nb4 27.Rc5 g6 
28.Nc4 Qa7 29.Be8 Qe7 30.Nb6 Nd3 31.Rxa5 Qb4 32.Ra8 Qe1+ 33.Kh2 Nxf2 34.g4
Nxg4+ 35.Kh3 Nf2+ 36.Kh2 Ng4+ 37.Kh3 h5 38.a5 g5 39.a6 Qh4# 0-1

[Event "2020 WA Reserves Championship"]
[Site "Leeming, Perth WA"]
[Date "2020.08.09"]
[Round "4"]
[White "Simonds, Marcus"]
[Black "Fu, Yihe (Rebo)"]
[Result "0-1"]
[WhiteElo "1627"]
[BlackElo "1896"]
[EventDate "2020.07.19"]

1.d4 d5 2.Bf4 Nf6 3.e3 c5 4.c3 Qb6 5.Qb3 c4 6.Qxb6 axb6 7.Nd2 Nc6 8.Ngf3 
h6 9.Be2 Bf5 10.O-O b5 11.a3 e6 12.h3 Ne4 13.Nxe4 Bxe4 14.Nd2 Bh7 15.f3 g5
16.Bh2 e5 17.f4 gxf4 18.Rf3 Be7 19.dxe5 Nxe5 20.Bxf4 Nxf3+ 21.Bxf3 Bc5 22.
Bxh6 Be4 23.Bf4 f5 24.Kf2 b4 25.Be5 Rh6 26.cxb4 Bxb4 27.Nxe4 fxe4 28.Be2 
Bd6 29.Bxd6 Rxd6 30.g4 b5 31.Rd1 Ke7 32.g5 b4 33.axb4 Rb8 34.h4 Rxb4 35.
Rd2 Rb3 36.h5 d4 37.Rxd4 Rxd4 38.exd4 Rxb2 39.Ke1 c3 40.Bc4 Rb1+ 0-1